[Event "Bayern-ch Seniors op 27th"]
[Site "Bergen"]
[Date "2015.06.15"]
[Round "5"]
[White "Daeubler, Heinrich"]
[Black "Niedermaier, Peter"]
[Result "1-0"]
[WhiteElo "2058"]
[BlackElo "1757"]
[PlyCount "89"]
[EventDate "2015.06.15"]
[EventType "swiss"]
[EventRounds "9"]
[EventCountry "GER"]
[SourceTitle "EXT 2019"]
[Source "ChessBase"]
[SourceDate "2018.10.10"]
[SourceVersion "1"]
[SourceVersionDate "2018.10.10"]
[SourceQuality "1"]

1. d4 Nf6 2. c4 g6 3. Nc3 d5 4. Nf3 Bg7 5. Bg5 Ne4 6. Bh4 Nxc3 7. bxc3 dxc4 8. e3 b5 9. a4 c6 10. Qb1 a6 11. Be2 0-0 12. 0-0 Nd7 13. Qe4 Bb7 14. axb5 axb5 15. Bxe7 Re8 16. Bxd8 Rxe4 17. Rxa8 Bxa8 18. Ra1 Bb7 19. Ra7 Re8 20. Ba5 Bc8 21. Rc7 Nb8 22. Nd2 Bf8 23. Ne4 Kg7 24. Bf3 h6 25. Bb6 b4 26. d5 c5 27. Bxc5 Bxc5 28. Rxc5 Rd8 29. Rxc4 Bb7 30. Rxb4 Bxd5 31. Rd4 Nc6 32. Rd1 Bxe4 33. Rxd8 Bxf3 34. Rd6 Be4 35. f3 Bxf3 36. gxf3 Ne5 37. Kf2 g5 38. h3 f6 39. f4 gxf4 40. exf4 Ng6 41. Rd7+ Kg8 42. Ke3 h5 43. c4 Nf8 44. Rd8 Kf7 45. Rxf8+ 1-0

[Event "Bayern-ch op Seniors 26th"]
[Site "Bergen"]
[Date "2014.06.22"]
[Round "2"]
[White "Garms, Ilse"]
[Black "Niedermaier, Peter"]
[Result "1-0"]
[WhiteElo "1532"]
[BlackElo "1684"]
[PlyCount "79"]
[EventDate "2014.06.21"]
[EventType "swiss"]
[EventRounds "7"]
[EventCountry "GER"]
[SourceTitle "EXT 2018"]
[Source "ChessBase"]
[SourceDate "2017.10.13"]
[SourceVersion "1"]
[SourceVersionDate "2017.10.13"]
[SourceQuality "1"]

1. d4 Nf6 2. Nf3 g6 3. c4 Bg7 4. Nc3 d5 5. e3 0-0 6. cxd5 Nxd5 7. Qb3 Nb6 8. Be2 Be6 9. Qc2 Na6 10. a3 c6 11. 0-0 Nc7 12. Rd1 a5 13. a4 Na6 14. Na2 Bxa2 15. Bxa6 Rxa6 16. Rxa2 Nd5 17. Bd2 Nb4 18. Bxb4 axb4 19. b3 Qd6 20. Nd2 Rfa8 21. Nc4 Qd8 22. Nb2 e6 23. Qd2 Bf8 24. Nd3 Qb6 25. Rc2 Rd8 26. Qe1 Ra5 27. Rdc1 Rh5 28. Rc4 Qc7 29. f4 Qa5 30. Nxb4 b5 31. axb5 cxb5 32. Ra1 Qxa1 33. Qxa1 bxc4 34. Nc6 Rd6 35. Ne5 cxb3 36. Qb2 Rb6 37. Nd7 Rhb5 38. Nf6+ Kg7 39. Nd7 f6 40. g4 1-0

[Event "Bad Woerishofen Seniors op 30th"]
[Site "Bad Woerishofen"]
[Date "2014.03.24"]
[Round "4"]
[White "Niedermaier, Peter"]
[Black "Stratmann, Dietrich"]
[Result "1-0"]
[WhiteElo "1844"]
[BlackElo "1697"]
[PlyCount "85"]
[EventDate "2014.03.21"]
[EventType "swiss"]
[EventRounds "9"]
[EventCountry "GER"]
[SourceTitle "EXT 2019"]
[Source "ChessBase"]
[SourceDate "2018.10.10"]
[SourceVersion "1"]
[SourceVersionDate "2018.10.10"]
[SourceQuality "1"]

1. e4 e5 2. Nf3 Nf6 3. Nxe5 d6 4. Nf3 Nxe4 5. Bc4 d5 6. Be2 Be7 7. d3 Nf6 8. 0-0 h6 9. b3 Nc6 10. Bb2 0-0 11. Nbd2 Be6 12. Re1 Re8 13. h3 Bd6 14. d4 Qd7 15. Ne5 Qe7 16. Nxc6 bxc6 17. Nf3 Nd7 18. Ne5 Nxe5 19. dxe5 Bc5 20. Bf3 Ba3 21. Bxa3 Qxa3 22. Re3 Qe7 23. c3 Qc5 24. Qd2 Rad8 25. Rd1 Qb6 26. Rd3 a5 27. c4 d4 28. Rxd4 Rxd4 29. Qxd4 Qxd4 30. Rxd4 c5 31. Re4 Rd8 32. Re2 Rd4 33. Bc6 Kf8 34. Kh2 Ke7 35. Kg3 g5 36. f3 h5 37. Be4 h4+ 38. Kf2 a4 39. Bc2 a3 40. Ke3 Kd7 41. Rd2 Rxd2 42. Kxd2 Kc6 43. Kc3 1-0

[Event "Bayern-ch Seniors 25th"]
[Site "Bergen"]
[Date "2013.06.16"]
[Round "2.20"]
[White "Niedermaier, Peter"]
[Black "Fischer, Gerd"]
[Result "0-1"]
[WhiteElo "1626"]
[BlackElo "2071"]
[PlyCount "59"]
[EventDate "2013.06.15"]
[EventType "swiss"]
[EventRounds "9"]
[EventCountry "GER"]
[SourceTitle "EXT 2022"]
[Source "ChessBase"]
[SourceDate "2021.10.06"]
[SourceVersion "1"]
[SourceVersionDate "2021.10.06"]
[SourceQuality "1"]

1. e4 c5 2. Nf3 d6 3. d4 cxd4 4. Nxd4 Nf6 5. Nc3 a6 6. Bd3 g6 7. 0-0 Bg7 8. Nde2 0-0 9. h3 b5 10. a3 Bb7 11. Be3 Nbd7 12. Qd2 Rc8 13. Bh6 Nc5 14. Bxg7 Kxg7 15. Ng3 Qb6 16. Qg5 Ne6 17. Qh4 Qc5 18. Nge2 h5 19. Qg3 Rh8 20. b4 Qc7 21. f4 Qb6+ 22. Qf2 Qxf2+ 23. Rxf2 d5 24. exd5 Nxd5 25. Ne4 Ne3 26. c3 Rhd8 27. Nd4 Nxd4 28. cxd4 Rxd4 29. Nc5 Rxc5 30. Re2 0-1

[Event "Bad Griesbach Seniors op 12th"]
[Site "Bad Griesbach"]
[Date "2009.12.02"]
[Round "4"]
[White "Niedermaier, Peter"]
[Black "Schuster, Herbert"]
[Result "1/2-1/2"]
[WhiteElo "1766"]
[BlackElo "1717"]
[PlyCount "149"]
[EventDate "2009.11.29"]
[EventType "swiss"]
[EventRounds "7"]
[EventCountry "GER"]
[SourceTitle "EXT 2015"]
[Source "ChessBase"]
[SourceDate "2014.11.20"]
[SourceVersion "1"]
[SourceVersionDate "2014.11.20"]
[SourceQuality "1"]

1. d4 Nf6 2. c4 e6 3. Nf3 Be7 4. Nc3 c6 5. e4 Qa5 6. Bd2 Bb4 7. e5 Ng8 8. Ne4 Bxd2+ 9. Qxd2 Qxd2+ 10. Kxd2 Na6 11. Nd6+ Ke7 12. a3 f6 13. c5 Nc7 14. Bd3 Nh6 15. h3 Nf7 16. Rhe1 Nd5 17. g3 Nxd6 18. exd6+ Kf7 19. Re4 b6 20. Rc1 b5 21. Rh4 h6 22. Rg4 g5 23. Re4 a5 24. Re2 b4 25. Bc4 Ba6 26. Bxa6 Rxa6 27. Ke1 Rb8 28. Nd2 bxa3 29. bxa3 a4 30. Nc4 Rb3 31. Rd2 Ra8 32. Kf1 Rab8 33. Kg2 Rb1 34. Rcc2 Ke8 35. Rd3 R8b3 36. Rdd2 Rc3 37. Rxc3 Nxc3 38. Rb2 Rxb2 39. Nxb2 Nb5 40. Nxa4 Nxa3 41. Nc3 Nc2 42. Ne2 Ne1+ 43. Kf1 Nf3 44. Kg2 Ne1+ 45. Kf1 Nc2 46. f3 e5 47. dxe5 fxe5 48. Nc3 Kf7 49. Ne4 Ke6 50. Ke2 Kd5 51. Kd3 Nd4 52. Ke3 Nb3 53. Nf6+ Kxc5 54. Nxd7+ Kxd6 55. Nf6 Ke6 56. Ne4 Nd4 57. f4 Nf5+ 58. Kf3 exf4 59. gxf4 gxf4 60. Kxf4 Ne7 61. h4 Nd5+ 62. Kf3 Ke5 63. Nc5 Kf5 64. Kg3 Nf6 65. Nb3 Ke4 66. Nd2+ Kd4 67. Kf4 h5 68. Kg5 Ne4+ 69. Nxe4 Kxe4 70. Kxh5 c5 71. Kg6 c4 72. h5 c3 73. h6 c2 74. h7 c1Q 75. h8Q 1/2-1/2

[Event "Bad Griesbach Seniors op 12th"]
[Site "Bad Griesbach"]
[Date "2009.11.30"]
[Round "2"]
[White "Niedermaier, Peter"]
[Black "Seidl, Josef"]
[Result "1-0"]
[WhiteElo "1766"]
[BlackElo "1260"]
[PlyCount "75"]
[EventDate "2009.11.29"]
[EventType "swiss"]
[EventRounds "7"]
[EventCountry "GER"]
[SourceTitle "EXT 2015"]
[Source "ChessBase"]
[SourceDate "2014.11.20"]
[SourceVersion "1"]
[SourceVersionDate "2014.11.20"]
[SourceQuality "1"]

1. e4 e6 2. Nf3 b6 3. Bc4 Ba6 4. Qe2 Bxc4 5. Qxc4 Be7 6. 0-0 Nf6 7. Nc3 0-0 8. e5 d5 9. Qe2 d4 10. exf6 Bxf6 11. Ne4 Be7 12. d3 Nc6 13. Bg5 h6 14. Bxe7 Nxe7 15. c3 Nc6 16. Rac1 e5 17. cxd4 Nxd4 18. Nxd4 exd4 19. Rc6 Re8 20. Qc2 Rc8 21. Rc1 Re7 22. Qc4 Rxe4 23. dxe4 d3 24. Rd1 d2 25. Qc2 Qh4 26. Rxd2 Re8 27. Re2 Re5 28. Rxc7 Ra5 29. Rc8+ Kh7 30. e5+ g6 31. a3 Qd4 32. Rc7 Kg7 33. e6 Rd5 34. Rxf7+ Kh8 35. h3 Rc5 36. Qb1 Rg5 37. e7 Rxg2+ 38. Kf1 1-0